Mazamin-E-Sayyid Sulaiman Nadvi. Part 1 (Record no. 948)

MARC details
000 -LEADER
fixed length control field 00599nam a2200241 a 4500
020 ## - INTERNATIONAL STANDARD BOOK NUMBER
ISBN
082 00 - DEWEY DECIMAL CLASSIFICATION NUMBER
Classification number 297.2
Author Cutter NAD
100 ## - MAIN ENTRY--AUTHOR NAME
Author name Nadvi, Syed Sulaiman
245 ## - TITLE STATEMENT
Title Mazamin-E-Sayyid Sulaiman Nadvi. Part 1
260 ## - PUBLICATION, DISTRIBUTION, ETC. (IMPRINT)
Place of publication Patna
Name of publisher Maktaba Ilm-O-Hikmat
Year of publication 1950
300 ## - PHYSICAL DESCRIPTION
Number of Pages 392p
500 ## - GENERAL NOTE
General note includes index and biblioraphy
505 2# - FORMATTED CONTENTS NOTE
Formatted contents note reference
650 ## - SUBJECT ADDED ENTRY--TOPICAL TERM
Topical Term Islam-Miscellany
942 ## - ADDED ENTRY ELEMENTS (KOHA)
Koha item type Books
700 1# -
-- Nadvi, Syed Sulaiman
Holdings
Collection code Home library Current library Date acquired Cost, normal purchase price Full call number Accession Number Koha item type
  Henry Martyn Institute Library Henry Martyn Institute Library 07/06/2007 100.00 297.2 NAD 04853 Books
                   Copyright © 2026 | Henry Martyn Institute | Hyderabad | TS-500052 | INDIA | Implemented by hmi.edu.in
Hit-Count:

Powered by Koha